00440pam a2200145 a 4500020001500000020002300015082001200038100001600050245004400066260009400110300002500204500002000229650002600249700001900275 a0582064392 a0470216948 (Wiley)00a546 OWE1 aOwen, S. M.12aA guide to modern inorganic chemistry / aHarlow, Essex, England :bLongman Scientific & Technical ;aNew York, NY :bWiley,c1991. avi, 328 p. :bill. ; aIncludes index. 0aChemistry, Inorganic.1 aBrooker, A. T.